000 00639nam a22001577a 4500
008 160227b xxu||||| |||| 00| 0 eng d
020 _a9710870432
082 _22011
_aDFil 338.5
_bM58m
245 _aMicroeconomics simplified/
_cAvila-Bato, Ma. Jesusa, Lucky Raymundo M. Malveda, Ramon Benedicto N. Marcelino, and Edilberto Viray.
260 _aMandaluyong City:
_bNational Book Store,
_c©2011.
300 _aix, 186 pages:
_billustrations;
_e26 cm.
500 _aInclude index.
650 0 _93212
_aMicroeconomics
700 _93213
_aMalveda, Lucky Raymundo M. , Marcelino, Ramon Benedicto N. and Viray, Edilberto .
942 _2ddc
_cDFIL
999 _c1143
_d1143